-ght Definitions Quiz Stats

 Plays Quiz Updated Sep 13, 2018

Score 0/15 Timer 03:00
7 Plays Today
% Correct
Straight
91.9%
Tight
91%
Insight
91%
Onslaught
90.8%
Hindsight
89.5%
Right
88.5%
Naught
87.5%
Wrought
85%
% Correct
Outright
84%
Plight
83.9%
Slight
83.6%
Sleight
77%
Deadlight
72.8%
Aught
71.4%
Ought
56.3%

You're not logged in!

Compare scores with friends on all Sporcle quizzes.
OR
Log In

Show Comments

Extras

Top Quizzes Today


Score Distribution

Your Account Isn't Verified!

In order to create a playlist on Sporcle, you need to verify the email address you used during registration. Go to your Sporcle Settings to finish the process.

Report this User

Report this user for behavior that violates our Community Guidelines.

Details: